| 000 | 02298cam a22004574i 4500 | ||
|---|---|---|---|
| 003 | PE-LiUPU | ||
| 005 | 20250731173133.0 | ||
| 008 | 150623s r 000 0 d | ||
| 020 | _a0829705643 | ||
| 035 | _a(Sirsi) i9780829705645 | ||
| 040 |
_aPE-LiUPU _bspa _cPE-LiUPU _erda |
||
| 049 | _aPRUA | ||
| 082 | 0 | 4 |
_a220.63 _bL972001 _221 |
| 100 | 1 |
_aLund, E., _eautor. |
|
| 245 | 1 | 0 |
_aHermenéutica - introducción bíblica / _cE. Lund y P.C. Nelson. |
| 264 | 1 |
_aMiami, Florida : _bEditorial Vida, _c1975. |
|
| 300 |
_a182 páginas ; _c22 centímetros |
||
| 336 |
_atext _2rdacontent |
||
| 337 |
_aunmediated _2rdamedia |
||
| 338 |
_avolume _2rdacarrier |
||
| 505 | 0 | _aImportancia de su estudio. Disposiciones necesarias para el estudio porvechoso de las escrituras. Observaciones generales en orden al lenguaje bíblico. Regla fundamental. Regla primera. Regla segunda. Regla tercera. Regla cuarta. Regla quinta (primera parte). Regla quinta (segunda parte). Regla qunta (tercera parte). Repetición y observaciones. Figuras retóricas (primera parte). Figuras retóricas (segunda parte). Figuras retóricas (tercera parte). Figuras retóricas (cuarte parte). Hebraísmos. Palabras simbólicas. Introducción bíblica. Una mirada al campo. La inspiración de la Biblia. La interpretación de la Biblia. El canon de las escrituras. Al arte de escribir sus materiales. Manuscritos y versiones de la Biblia. La historia judaica entre el A. T. y el N. T. ¿Qué vas a hacer con la carta?. | |
| 526 | _aSEG42 | ||
| 526 | _aSEG41 | ||
| 526 | _aSEG40 | ||
| 526 | _aSEG39 | ||
| 526 | _aP94 | ||
| 526 | _aP87 | ||
| 526 | _aP86 | ||
| 526 | _aP85 | ||
| 526 | _aP77 | ||
| 526 | _aP76 | ||
| 526 | _aP35 | ||
| 650 | 0 | 4 | _aHermenéutica bíblica. |
| 700 | 1 | _aLuce, Alice E. | |
| 942 |
_2ddc _cBOOK |
||
| 949 |
_a220.63 L97 2001 _wDEWEY _c1 _i53037 _d2015-10-19 _e2015-10-18 _lCCODEBUL1 _mBUL _n1 _p8.50 _r0 _sY _tBOOK _u2015-6-24 _xTEOLOGIA _PP35 _0COMPRA _o.STAFF. Colección General |
||
| 994 |
_aC0 _bPEPRU |
||
| 596 | _a1 | ||
| 999 |
_a220.63 L97 2001 _wDEWEY _c33791 _i53037 _d33791 _e2018-11-14 _f2021-11-11 _g5 _lCCODEBUL1 _mBUL _n2 _p8.50 _q1 _r0 _sY _tBOOK _u2015-6-24 _xTEOLOGIA _PP35 _0COMPRA _o.STAFF. Colección General |
||
| 980 |
_81 _gALBERTO SANCHEZ Responsable de Automatización |
||